000 01297nam a2200337 a 4500
001 000001980
003 DO-SdBNP
005 20220218073445.0
007 000001980
008 090630s2007 dr b 000 0 spa d
020 _a9945427121
040 _aBPMSU
_bspa
_cBPMSU
082 4 _aCo864.44
_bG216zp 2007
_222
092 _a
100 1 _aPerdomo, Miguel Aníbal,
_d1949-
245 1 3 _aLa cultura del Caribe en la narrativa de Gabriel García Márquez /
_cMiquel Aníbal Perdomo; editor Amado Alexis Santana Chalas.
260 _aSanto Domingo :
_bSecretaría de Estados de Cultura,
_c2007.
300 _a299 p. ;
_c23 cm.
490 0 _aPremios anuales
502 _aTesis norteamericanas sobre Colombia.
504 _aBibliografía: p. 267-294
586 _aPremio Nacional de Ensayo Pedro Henríquez Ureña, modalidad Ensayos Literarios, 2006
590 _6Inventariado, 2022/VM
600 1 4 _aGarcía Márquez, Gabriel
_d1927-2014
_xCrítica e interpretación
_vTesis y disertaciones académicas.
650 4 _aCultura
_vTesis y disertaciones académicas .
_zColombia
_x
650 4 _aEnsayos literarios
651 4 _aCaribe (Región)
_xLiteratura
700 1 _aSantana Chalas, Amado Alexis,
_eeditor
910 _aVMateo V. /Jornada de catalogación
942 _2ddc
_cBK
999 _c8037
_d8037